| 000 | 01165nam a2200301 4500 | ||
|---|---|---|---|
| 001 | 0000021704 | ||
| 003 | CO-CtgCURN | ||
| 005 | 20250331185216.0 | ||
| 007 | ta | ||
| 008 | 160627s2005 000 0 eng d | ||
| 020 | _a8448198212 | ||
| 040 |
_aCO-CtgCURN _bspa _ccoctgcurn |
||
| 082 | 0 |
_a616.89 _bP832 |
|
| 100 | 1 | _aPortellano Pérez, José Antonio. | |
| 245 | 1 | 0 |
_aIntroducción a la neuropsicología / _cJosé Antonio Portellano. |
| 260 |
_aMadrid : _bMcGraw-Hill, _c2005. |
||
| 300 | _axxi, 386 p. | ||
| 336 | _2rdacontent | ||
| 337 |
_2rdamedia _asin mediacion _bn |
||
| 338 |
_2rdacarrier _avolumen _bnc |
||
| 504 | _aBibliografia (p. 379-386) | ||
| 505 | 8 | _aConcepto de neuropsicología.--Etiología del daño cerebral.--Estudio funcional del sistema nervioso.--Evaluacion neuropsicologica.--neuropsicología de la atencion.--Asimetria cerebrales.--neuropsicología del lenguaje.--neuropsicología de la memoria.--Las apraxias | |
| 650 | 1 | 4 | _aNeuropsicología. |
| 700 | 1 |
_aCejudo, José Manuel, _eEditor. |
|
| 908 | _a160627 | ||
| 942 |
_cBK _h616.89 _iP832 _2ddc |
||
| 999 |
_c22905 _d22905 |
||